Contemporary diagnosis and management of lipid disorders (Record no. 28581)

MARC details
000 -LEADER
fixed length control field 00558nam a2200193Ia 4500
020 ## - INTERNATIONAL STANDARD BOOK NUMBER
ISBN 1884065732
050 ## - CALL MARK
Classification number WD 101 .G68/
100 ## - STATEMENT OF RESPONSIBILITY--MAIN AUTHOR NAME
Personal name Gotto, Antonio M.
245 #0 - TITLE STATEMENT
Title Contemporary diagnosis and management of lipid disorders
250 ## - EDITION / VOLUME STATEMENT
Edition / Volume statement 2nd ed.
260 ## - PUBLICATION, DISTRIBUTION, ETC. (IMPRINT)
Place of publication Newtown
260 ## - PUBLICATION, DISTRIBUTION, ETC. (IMPRINT)
Name of publisher Hardbooks in Health Care
260 ## - PUBLICATION, DISTRIBUTION, ETC. (IMPRINT)
Year of publication 2004
300 ## - PHYSICAL DESCRIPTION
Number of Pages 240 p
650 ## - SUBJECT ADDED ENTRY--TOPICAL TERM
Topical Term Lipid metabolizması Hyperlipidemias_diagnosis Hyperlipidemias_therapy Lipid metabolism
942 ## - ADDED ENTRY ELEMENTS (KOHA)
Koha item type Books
Holdings
Withdrawn status Lost status Source of classification or shelving scheme Damaged status Not for loan Permanent Location Current Location Date acquired Accession Number Price effective from Koha item type
    Library of Congress Classification     NILE UNIVERSITY OF NIGERIA - MAIN LIBRARY NILE UNIVERSITY OF NIGERIA - MAIN LIBRARY 04/23/2025 0001346 04/23/2025 Books